ბათუმის შოთა რუსთაველის სახელმწიფო უნივერსიტეტის ბიბლიოთეკა

ზურაბის ციხე (ბიბ.ჩანაწერი № 43430)

000 -LEADER
fixed length control field 00663nam a2200229Ia 4500
001 - CONTROL NUMBER
control field 10160
003 - CONTROL NUMBER IDENTIFIER
control field GE_BSU
008 - FIXED-LENGTH DATA ELEMENTS--GENERAL INFORMATION
fixed length control field 181216s||||||||xx |||||||||||||| ||und||
040 ## - CATALOGING SOURCE
Transcribing agency GE_BSU
080 ## - UNIVERSAL DECIMAL CLASSIFICATION NUMBER
Universal Decimal Classification number 821.353.1–32
100 ## - MAIN ENTRY--PERSONAL NAME
Personal name სულიაშვილი,დავით
245 ## - TITLE STATEMENT
Title ზურაბის ციხე
245 ## - TITLE STATEMENT
Remainder of title მოთხრობა
245 ## - TITLE STATEMENT
Statement of responsibility, etc. რედ.შ.რადიანი
260 ## - PUBLICATION, DISTRIBUTION, ETC.
Place of publication, distribution, etc. თბილისი
260 ## - PUBLICATION, DISTRIBUTION, ETC.
Name of publisher, distributor, etc. საბჭ.მწერალი
260 ## - PUBLICATION, DISTRIBUTION, ETC.
Date of publication, distribution, etc. 1946
300 ## - PHYSICAL DESCRIPTION
Extent 133გვ.15სმ.
653 ## - INDEX TERM--UNCONTROLLED
Uncontrolled term ზურაბის ციხე
653 ## - INDEX TERM--UNCONTROLLED
Uncontrolled term მოთხრობა
942 ## - ADDED ENTRY ELEMENTS (KOHA)
Koha item type წიგნი
ეგზემპლარები
Withdrawn status Lost status Damaged status Not for loan Date acquired Barcode Date last seen Price effective from Koha item type
        2018-12-17 33792 2018-12-17 2018-12-17 წიგნი